Doctrina procesal penal: 2005-2006
Saved in:
| Corporate Author: | |
|---|---|
| Format: | Book |
| Language: | Spanish |
| Published: |
Santiago
Centro de Documentación Defensoría Penal Pública
2006
|
| Series: | Informes en Derecho, 3
|
| Subjects: | |
| Tags: |
Add Tag
No Tags, Be the first to tag this record!
|
MARC
| LEADER | 00000nam a2200000 a 4500 | ||
|---|---|---|---|
| 001 | UCI4768 | ||
| 003 | CL-VaPUC | ||
| 008 | 080229e20061200CL |||||||||||||||||spa|d | ||
| 020 | |a 9789568349042 | ||
| 082 | 0 | 4 | |a 345.8305 |b DEF |2 21 |
| 110 | 2 | |a Defensoría Penal Pública |e author |9 526796 | |
| 245 | 1 | 0 | |a Doctrina procesal penal: 2005-2006 |
| 300 | |a 91 p | ||
| 942 | |c BK | ||
| 945 | |d 20080229 00:00:00 |a jtorresc | ||
| 260 | |a Santiago |b Centro de Documentación Defensoría Penal Pública |c 2006 | ||
| 650 | 0 | |a Derecho procesal penal |9 255496 | |
| 650 | 7 | |a DERECHO PENAL |2 CL-VaPUC |9 11 | |
| 650 | 0 | |a Reforma procesal penal |9 471095 | |
| 651 | 7 | |a CHILE |2 CL-VaPUC |9 526797 | |
| 583 | |a last modification |c 20161215 05:31:40 |k Rodrigo Vera | ||
| 490 | 0 | |a Informes en Derecho, 3 | |
| 999 | |c 328614 |d 328612 | ||
| 952 | |0 0 |1 0 |2 ddc |4 0 |6 345_830500000000000_DEF_2006 |7 0 |8 A |9 412669 |a BIBDER |b BIBDER |d 2019-11-22 |i 440985K |o 345.8305 DEF 2006 |p 440985K |r 2023-01-25 |w 2019-11-22 |y MX |k DER | ||
| 952 | |0 0 |1 0 |2 ddc |4 0 |6 345_830500000000000_DEF_2006 |7 0 |8 A |9 412670 |a BIBDER |b BIBDER |d 2019-11-22 |i 4433238 |o 345.8305 DEF 2006 |p 4433238 |r 2023-01-25 |w 2019-11-22 |y MX |k DER | ||